00567 2200217 4500001002100000005001500021035002000036007000300056008004100059020001800100082001200118084001800130100001900148245004200167250001500209260003100224300002100255650004500276700001800321990001000339INLIS00000000000011820170911031316 a0010-0917000104ta170911 0 ind  a979-421-032-3 a297.195 a297.195 TIS i0 aTisna Amidjaja1 aIman, Ilmu,dan Amal /cAmidjaja Tisna aed.1 Cet.3 aJakarta :bRajawali,c1992 a222 hlm ;c21 cm aIslam dan Sains , Hidup Keagamaan(Islam)0 aDoddy Akhdiat a10041